<?xml version="1.0" encoding="UTF-8"?>
<marc:record xmlns:marc="http://www.loc.gov/MARC21/slim">
   <marc:leader>00000nam a2200000 a 4500</marc:leader>
   <marc:datafield ind1="1" ind2=" " tag="100">
      <marc:subfield code="a">Hoffmann, Reinhold</marc:subfield>
      <marc:subfield code="4">aut</marc:subfield>
      <marc:subfield code="e">Verfasser/-in</marc:subfield>
   </marc:datafield>
   <marc:datafield ind1="1" ind2=" " tag="100">
      <marc:subfield code="a">Janosch</marc:subfield>
      <marc:subfield code="4">aut</marc:subfield>
      <marc:subfield code="e">Verfasser/-in</marc:subfield>
   </marc:datafield>
   <marc:datafield ind1="1" ind2=" " tag="100">
      <marc:subfield code="a">Strathmann, Jan</marc:subfield>
      <marc:subfield code="4">aut</marc:subfield>
      <marc:subfield code="e">Verfasser/-in</marc:subfield>
   </marc:datafield>
   <marc:datafield ind1="0" ind2="0" tag="245">
      <marc:subfield code="a">Die Tigerentenbande - Staffel 2 - Folge 6: Die Zeitschleife</marc:subfield>
   </marc:datafield>
   <marc:datafield ind1="0" ind2="0" tag="245">
      <marc:subfield code="c">Musik: Reinhold Hoffmann; Regie: Roberto Chamorro Moriana; Vorlage: Janosch; Drehbuch: Jan Strathmann</marc:subfield>
   </marc:datafield>
   <marc:datafield ind1=" " ind2="1" tag="264">
      <marc:subfield code="a">Potsdam</marc:subfield>
      <marc:subfield code="b">filmwerte GmbH</marc:subfield>
      <marc:subfield code="c">2022</marc:subfield>
   </marc:datafield>
   <marc:datafield ind1="1" ind2=" " tag="520">
      <marc:subfield code="a">Hannes beobachtet, wie Lehrer Birkenpappel auf dem Schulhof einen Mathetest verliert. Schon hat Chef-Gringo Emmentaler sich die Lösungen für den nächsten Tag geschnappt: Das gibt eine Eins für die Gringos! Wie gerne würde auch Hannes mal eine Eins schreiben. Laika hat eine Idee: Mit ihrem Zeitschleifenwecker kann sie Hannes zurückschicken. Er bekommt eine zweite Chance! Hannes reist in die Vergangenheit: Wieder beobachtet er, wie Birkenpappel der Mathetest auf den Boden fällt, doch diesmal will Hannes den Zettel bekommen! Mutig stellt er sich den Gringos, aber gegen die Drei hat er keine Schnitte: Er landet kopfüber im Basketballkorb, und erneut ziehen die Gringos triumphierend mit den Lösungen davon. Am Schrottplatz gibt Bergmann Hannes einen Tipp: Er soll alle Möglichkeiten bedenken, die er hat! Hannes reist wieder zurück in dieselbe Situation: Und diesmal schafft er es mit List und Tücke, den Gringos zu entkommen und sich den Test zu schnappen! Doch dann muss Hannes feststellen, das es der Test der Parallelklasse ist. Die Gringos hatten es nicht bemerkt! Hannes grinst: Vielleicht ist es schlau, alles so zu lassen, wie es war...</marc:subfield>
   </marc:datafield>
   <marc:datafield ind1=" " ind2=" " tag="041">
      <marc:subfield code="a">ger</marc:subfield>
   </marc:datafield>
   <marc:datafield ind1=" " ind2=" " tag="300">
      <marc:subfield code="a">1 Online-Ressource (13 min), Bild: 16:9 SD</marc:subfield>
   </marc:datafield>
</marc:record>
